Final Premier League Standings 09/10 Quiz Stats

 Plays Quiz not verified by Sporcle

Challenge
Share
Tweet
Embed
Score 0/20 Timer 06:00
0 Plays Today
Position Team % Correct
1stChelsea
100%
2ndManchester United
100%
3rdArsenal
99.3%
5thManchester City
95.8%
4thTottenham Hotspurs
95.1%
7thLiverpool
94.4%
6thAston Villa
88.1%
8thEverton
86%
20thPortsmouth
81.8%
10thBlackburn Rovers
79%
Position Team % Correct
12thFulham
79%
19thHull
78.3%
9thBirmingham City
76.2%
17thWest Ham
76.2%
16thWigan
75.5%
18thBurnley
74.8%
13thSunderland
74.1%
11thStoke City
72%
14thBolton
70.6%
15thWolverhampton
68.5%

You're not logged in!

Compare scores with friends on all Sporcle quizzes.
OR
Log In

You Might Also Like...

Show Comments

Extras

Top Quizzes Today


Score Distribution

Your Account Isn't Verified!

In order to create a playlist on Sporcle, you need to verify the email address you used during registration. Go to your Sporcle Settings to finish the process.

Report this User

Report this user for behavior that violates our Community Guidelines.

Details: